000 00278nam a22001337a 4500
003 SGT
082 _a612.3
_bF16B
100 _aBANSAL , SHRINANDA
245 _aFOOD AND NUTRITION
260 _aDELHI
_bAITB PUB
_c2016
300 _a382
650 _aNUTRITION
942 _2ddc
_cBK
_08
999 _c8698
_d8698